The Golden Fleece (Record no. 186887)
[ view plain ]
| 000 -LEADER | |
|---|---|
| fixed length control field | 00842 a2200169 4500 |
| 003 - CONTROL NUMBER IDENTIFIER | |
| control field | Nust |
| 005 - DATE AND TIME OF LATEST TRANSACTION | |
| control field | 20230529124150.0 |
| 040 ## - CATALOGING SOURCE | |
| Transcribing agency | Nust |
| 082 ## - DEWEY DECIMAL CLASSIFICATION NUMBER | |
| Classification number | 808.83,GRA |
| 100 ## - MAIN ENTRY--PERSONAL NAME | |
| Personal name | Graves, Robert |
| 9 (RLIN) | 21937 |
| 245 ## - TITLE STATEMENT | |
| Title | The Golden Fleece |
| Statement of responsibility, etc. | Robert Graves |
| 260 ## - PUBLICATION, DISTRIBUTION, ETC. | |
| Place of publication, distribution, etc. | London |
| 300 ## - PHYSICAL DESCRIPTION | |
| Extent | 370:p |
| 505 ## - FORMATTED CONTENTS NOTE | |
| Formatted contents note | The Parching (Page-38), The Loss of the Fleece (Page-47), The Rice of the Olympics (Page-54), Jason Claims his Knowledge (Page-62), The white goodness Approves the Voyage (Page-70), Zeus approves the Voyage (Page-70), The Building of the Argo (Page-81), The arrivals of Hercules (Page-89) The Choosing of the Argonatus (Page-96), The Argo is Lunched (Page-101), The Argo Sails (Page-108),The Argo Come Home (Page-342), The death of Plies (Page-345), The Fleeces restored to Zeus (Page-355). |
| 650 ## - SUBJECT ADDED ENTRY--TOPICAL TERM | |
| Topical term or geographic name entry element | Novel |
| 9 (RLIN) | 2525 |
| 942 ## - ADDED ENTRY ELEMENTS (KOHA) | |
| Source of classification or shelving scheme | |
| Koha item type | Book |
| Withdrawn status | Lost status | Source of classification or shelving scheme | Damaged status | Not for loan | Permanent Location | Current Location | Shelving location | Date acquired | Full call number | Barcode | Date last seen | Price effective from | Koha item type | Public note |
|---|---|---|---|---|---|---|---|---|---|---|---|---|---|---|
| Military College of Signals (MCS) | Military College of Signals (MCS) | General Stacks | 12/12/2016 | 808.83,GRA | MCS29884 | 12/08/2016 | 12/12/2016 | Book | Almirah No.56, Shelf No.6 |
